| 000 | 00498nam a2200145 4500 | ||
|---|---|---|---|
| 082 | _aPhD-IT NAD | ||
| 100 |
_aNadeem Sufyan _999012 |
||
| 245 | _aDetecting Jamming Attacks for IEEE 802.11b Wireless Networks | ||
| 260 |
_aIslamabad _bNust School of Electrical Engineering and Computer Science |
||
| 300 |
_a58 P _eCD-ROM |
||
| 500 | _aSupervisor ; Dr,Nazar Abbas Saqib | ||
| 700 |
_aNadeem Sufyan _999012 |
||
| 856 | _uhttp://10.250.8.41:8080/xmlui/handle/123456789/9815 | ||
| 942 |
_cPR _2ddc |
||
| 999 |
_c12244 _d12244 |
||